[Event "Challenge"]
[Site "http://www.queenalice.com/game.php?id=167742"]
[Date "2007.2.12"]
[Round "-"]
[White "muriloberiam"]
[Black "pabloitu"]
[Result "1-0"]
[WhiteElo "1539"]
[BlackElo "1395"]

1. e3 d5 2. Nc3 d4 3. Nb5 e5 4. Nf3 Bf5 5. Nxe5 Qf6 6. Nxc7+ Kd8 7. Nxa8 Qxe5 8.
Bb5 Qxb5 9. exd4 Nf6 10. Qe2 Qe8 11. d3 Nc6 12. Be3 Kd7 13. Qf3 g6 14. Qg3 Nb4
15. Qc7+ Ke6 16. Qe5+ Kd7 17. Qxf6 Nxc2+ 18. Ke2 Be7 19. Qg7 Rg8 20. Qxh7 Bd6
21. Rac1 Nxd4+ 22. Kd2 Bb4+ 23. Kd1 g5 24. Qh5 Kd6 25. Bxd4 Qe6 26. Bxa7 Re8 27.
Nc7 Qe7 28. Nxe8+ Qxe8 29. Rc4 Bxd3 30. Rxb4 Qc8 31. Rd4+ Ke5 32. Rxd3 Qa8 33.
Qxg5+ Ke6 34. Re1# 1-0

[Event "Challenge"]
[Site "http://www.queenalice.com/game.php?id=171815"]
[Date "2007.2.21"]
[Round "-"]
[White "muriloberiam"]
[Black "tiagoaf"]
[Result "1-0"]
[WhiteElo "1500"]
[BlackElo "1177"]

1. e3 d6 2. Nc3 e5 3. Bb5+ c6 4. Ba4 Nh6 5. b3 Na6 6. d3 Be6 7. e4 Ng4 8. h3 Nf6
9. a3 g6 10. Bg5 Rc8 11. Qf3 Nh5 12. Bxd8 Rxd8 13. Qe3 Ra8 14. d4 exd4 15. Qxd4
Rg8 16. e5 Nc5 17. exd6 Nxa4 18. Nxa4 Bd5 19. Qe5+ Kd7 20. Nc5+ Kd8 21. Nxb7+
Kc8 22. Na5 Kd7 23. Nb7 Bg7 24. Qe7+ Kc8 25. Qc7# 1-0

[Event "Revolução de 30"]
[Site "http://www.queenalice.com/game.php?id=176349"]
[Date "2007.3.2"]
[Round "-"]
[White "clodoaldopaiva"]
[Black "muriloberiam"]
[Result "0-1"]
[WhiteElo "1299"]
[BlackElo "1624"]

1. b3 d5 2. e3 g6 3. Bb2 f6 4. Nf3 Bg4 5. h3 Bxf3 6. gxf3 a5 7. Qe2 c6 8. c4 Qc8
9. h4 h5 10. Bh3 f5 11. Bxh8 e6 12. Nc3 Bb4 13. Rg1 Bxc3 14. dxc3 a4 15. Rxg6
Ne7 16. Rg7 axb3 17. f4 dxc4 18. Qxh5+ Kd7 19. Rd1+ Kc7 20. Rxe7+ Kb6 21. Be5
Kc5 22. Qe2 bxa2 23. h5 a1=Q 24. Bd4+ Kd5 25. Bg2+ Kd6 26. Bf6+ Kc5 27. h6 Ra2
28. Bd4+ Kd6 29. Qxc4 Kxe7 30. Bc5+ Kf6 31. Qd4+ Kg6 32. Qg7+ Kh5 33. h7 Qd8 34.
Bf3+ Kh4 35. Qg4+ fxg4 36. Be4 Qdxd1# 0-1

[Event "A revanche"]
[Site "http://www.queenalice.com/game.php?id=183233"]
[Date "2007.3.16"]
[Round "-"]
[White "tiagoaf"]
[Black "muriloberiam"]
[Result "0-1"]
[WhiteElo "1170"]
[BlackElo "1606"]

1. e4 e5 2. Qg4 d6 3. Bb5+ c6 4. Qe2 cxb5 5. Qxb5+ Nd7 6. Na3 a6 7. Qd3 Nc5 8.
Qf3 Nf6 9. Nh3 Ncxe4 10. d3 Qa5+ 11. c3 Nc5 12. b4 Qb6 13. bxc5 Qxc5 14. d4 Qd5
15. Qxd5 Nxd5 16. c4 Nc3 17. dxe5 dxe5 18. Bb2 Bb4 19. f4 Bxh3 20. gxh3 exf4 21.
O-O O-O-O 22. Rxf4 Rd1+ 23. Rxd1 Nxd1 24. Bc1 f6 25. h4 Nc3 26. Nc2 Ne2+ 27. Kf2
Nxf4 28. Nxb4 Nh5 29. Nd5 Rd8 30. Ke3 Re8+ 31. Kd3 f5 32. a4 Re4 33. Ne3 g6 34.
c5 Rxh4 35. a5 Rxh2 36. Nc4 f4 37. Nb6+ Kc7 38. Na8+ Kc6 39. Ke4 f3 40. Kxf3
Kxc5 41. Nc7 Kb4 42. Bf4 Nxf4 43. Kxf4 b5 44. Nxa6+ Kxa5 45. Nc5 b4 46. Ke5 h5
47. Kf6 Rg2 48. Kg7 h4 49. Nb3+ Ka4 50. Nc5+ Kb5 51. Nd3 h3 52. Nf4 b3 53. Nxh3
b2 54. Nf4 Rg4 55. Nxg6 b1=Q 56. Kf6 Qxg6+ 57. Ke5 Qe4+ 58. Kd6 Rg5 59. Kc7 Qe6
60. Kd8 Qf7 61. Kc8 Rg8# 0-1

[Event "Challenge"]
[Site "http://www.queenalice.com/game.php?id=185237"]
[Date "2007.3.20"]
[Round "-"]
[White "muriloberiam"]
[Black "ricardoabe"]
[Result "1-0"]
[WhiteElo "1500"]
[BlackElo "1551"]

1. e4 e5 2. d3 Nf6 3. Nf3 Nc6 4. Bg5 Bc5 5. Bxf6 Qxf6 6. Nc3 Nd4 7. Nd5 Qd6 8.
c3 Nxf3+ 9. Qxf3 c6 10. Nf6+ gxf6 11. Qg3 f5 12. Qg7 Qf8 13. Qxe5+ Be7 14. Qxf5
d5 15. Qe5 f6 16. Qh5+ Qf7 17. Qf3 dxe4 18. Qxe4 f5 19. Qe5 Qe6 20. Qxe6 Bxe6
21. d4 O-O 22. f4 c5 23. O-O-O Rfd8 24. h4 cxd4 25. Rxd4 Rd5 26. Rxd5 Bxd5 27.
b3 Ba3+ 28. Kc2 Be4+ 29. Kd2 Rd8+ 30. Ke1 h5 31. Bc4+ Bd5 32. Bd3 Re8+ 33. Kd2
Bxg2 34. Rg1 Kf7 35. Rxg2 Rd8 36. Rg5 Bb2 37. Rxf5+ Kg6 38. Rf8+ Kh6 39. Rxd8
Bxc3+ 40. Kxc3 a6 41. Rd6+ Kg7 42. f5 a5 43. Rd7+ 1-0

[Event "briga de foice no escuro"]
[Site "http://www.queenalice.com/game.php?id=185239"]
[Date "2007.3.20"]
[Round "-"]
[White "muriloberiam"]
[Black "gruber"]
[Result "0-1"]
[WhiteElo "1569"]
[BlackElo "1281"]

1. e4 e5 2. d3 d6 3. Nc3 Nc6 4. Nf3 h5 5. Bg5 f6 6. Bh4 g5 7. Bxg5 fxg5 8. d4 g4
9. Nd2 Nxd4 10. f3 Qh4+ 11. g3 Qg5 12. Ne2 gxf3 13. Nxd4 exd4 14. Nxf3 Qe3+ 15.
Qe2 Qxe2+ 16. Kxe2 Nf6 17. Kd3 c5 18. Re1 Bh6 19. e5 Bf5+ 20. Kc4 O-O-O 21. exf6
Bxc2 22. f7 d5+ 23. Kxc5 Bf8+ 24. Kxd4 Bg7+ 25. Ne5 Be4 26. Rg1 h4 27. Rc1+ Kb8
28. gxh4 Bf6 29. Bg2 Rxh4 30. Rge1 Bxg2+ 31. Kc3 Bg5 32. Ng6 Rh3+ 33. Kc2 Bh6
34. Re8 Rc8+ 35. Kb1 Be4+ 36. Ka1 a5 37. Rcxc8+ Ka7 38. Ra8+ Kb6 39. Re6+ Kc5
40. f8=Q+ Bxf8 41. Nxf8 Rxh2 42. Rxa5+ b5 43. a4 Rh1+ 44. Ka2 Kb4 45. Rxb5+ Kxa4
46. Rb3 Bb1+ 47. Ka1 Bc2+ 48. Ka2 Bxb3# 0-1

[Event "Yeah!"]
[Site "http://www.queenalice.com/game.php?id=186481"]
[Date "2007.3.23"]
[Round "-"]
[White "muriloberiam"]
[Black "graprudente"]
[Result "1-0"]
[WhiteElo "1559"]
[BlackElo "1352"]

1. e4 e6 2. d4 c6 3. Bf4 Qf6 4. Bxb8 Rxb8 5. Nf3 c5 6. g3 cxd4 7. Nxd4 b5 8.
Nxb5 Bc5 9. Qe2 a6 10. Nc7+ Kd8 11. Nxa6 Bxa6 12. Qxa6 Qxf2+ 13. Kd1 Bb4 14. c3
Bc5 15. Bb5 Qf3+ 16. Kc2 Qxh1 17. b4 Be3 18. Qd6 Qc1+ 19. Kb3 Rxb5 20. Na3 Qxa1
21. Nxb5 f5 22. Qc7+ Ke7 23. Qd6+ Kf7 24. Qxd7+ Ne7 25. Nd6+ Kf6 26. Ne8+ Kf7
27. Nd6+ Kg6 28. Qxe6+ Kg5 29. Qxe7+ Kg6 30. exf5+ Kh5 31. Qxe3 Ra8 32. Qf3+ Kg5
33. Qxa8 Qb1+ 34. Kc4 h5 35. Qa7 Qf1+ 36. Kb3 Qd1+ 37. Kc4 Qxd6 38. Qd4 Qc6+ 39.
Kb3 Qh1 40. Qxg7+ Kxf5 41. b5 Qg1 42. h4 Ke4 43. Qd4+ Kf3 44. Qxg1 Kg4 45. b6
Kh3 46. b7 Kg4 47. b8=Q Kf3 48. Qf4+ Ke2 49. Qfe3# 1-0

[Event "Challenge"]
[Site "http://www.queenalice.com/game.php?id=187686"]
[Date "2007.3.25"]
[Round "-"]
[White "leafar"]
[Black "muriloberiam"]
[Result "0-1"]
[WhiteElo "1662"]
[BlackElo "1517"]

1. e4 e5 2. Be2 d6 3. Nf3 g6 4. O-O Be7 5. Nc3 Bg4 6. d3 Bxf3 7. Bxf3 c5 8. Nd5
a5 9. Nxe7 Nxe7 10. Bg5 f6 11. Be3 Qb6 12. b3 g5 13. Bh5+ Ng6 14. Qf3 Qd8 15.
Qf5 Rg8 16. Bxg6+ hxg6 17. Qe6+ Kf8 18. g3 Qd7 19. Qxf6+ Qf7 20. Qxd6+ Qe7 21.
Qd5 Na6 22. f4 gxf4 23. gxf4 exf4 24. Rxf4+ Kg7 25. Raf1 Rgf8 26. Bd2 Rxf4 27.
Rxf4 Rf8 28. Bc3+ Kh6 29. Bd2 Rxf4 30. Bxf4+ Kh7 31. Bg5 Nb4 32. Bxe7 Nxd5 33.
exd5 Kg7 34. d6 Kf7 35. Bg5 Ke8 36. Kf2 Kd7 37. Be7 b6 38. Kf3 b5 39. Kf4 g5+
40. Kxg5 Ke6 41. h4 Ke5 42. h5 Kd4 43. d7 Kc3 44. d8=Q Kxc2 45. Qxa5 Kxd3 46.
Qxb5+ Kc3 47. Bf6+ Kc2 48. Qxc5+ Kb1 0-1

[Event "The REVENGE !"]
[Site "http://www.queenalice.com/game.php?id=189132"]
[Date "2007.3.28"]
[Round "-"]
[White "muriloberiam"]
[Black "pabloitu"]
[Result "1-0"]
[WhiteElo "1643"]
[BlackElo "1349"]

1. e4 e6 2. d3 Nc6 3. Nf3 Qf6 4. Bg5 Qg6 5. Nc3 d5 6. Nb5 Rb8 7. Nxc7+ Kd7 8.
Ne5+ Kd6 9. Nxg6 hxg6 10. Nb5+ Kd7 11. exd5 exd5 12. c4 dxc4 13. dxc4+ Ke6 14.
Qd5# 1-0

[Event "Challenge"]
[Site "http://www.queenalice.com/game.php?id=190687"]
[Date "2007.4.1"]
[Round "-"]
[White "clodoaldopaiva"]
[Black "muriloberiam"]
[Result "1/2-1/2"]
[WhiteElo "1250"]
[BlackElo "1541"]

1. c4 d6 2. Qc2 g6 3. Qc3 e5 4. e4 Nf6 5. f3 Na6 6. d4 c5 7. Bg5 cxd4 8. Qb3 h6
9. Bd2 Nc5 10. Qa3 b6 11. Bd3 a5 12. b4 Ne6 13. b5 g5 14. g4 d5 15. c5 Nxc5 16.
exd5 Nxd5 17. Be4 Nxe4 18. fxe4 Bxa3 19. Nxa3 Nf6 20. Nf3 Nxe4 21. Nxe5 Nxd2 22.
Kxd2 Qe7 23. Nac4 Qb4+ 24. Kc2 Qxb5 25. Nd6+ Ke7 26. Nxb5 Ke6 27. Rhe1 f6 28.
Ng6+ Kf7 29. Nxh8+ Kg7 30. Re8 Bf5+ 31. gxf5 Rxe8 32. Ng6 Re2+ 33. Kd3 Rxh2 34.
Kxd4 Rd2+ 35. Kc3 Rd5 36. a4 Rxf5 37. Ne7 Rf3+ 38. Kc4 g4 39. Rd1 g3 40. Nd4 Rf4
41. Nd5 Rg4 42. Rf1 g2 43. Rg1 h5 44. Ne3 Rg5 45. Ne6+ Kg6 46. Nxg5 Kxg5 47.
Rxg2+ Kh6 48. Nf5+ Kh7 49. Rh2 Kg6 50. Rf2 Kg5 51. Kb5 h4 52. Kxb6 Kg4 53. Kxa5
h3 54. Kb5 h2 55. Nh6+ Kg3 56. Ng4 h1=Q 57. Rxf6 Kxg4 58. a5 Qa1 59. Rg6+ Kf5
60. Rb6 Qb1+ 61. Ka6 Qd3+ 62. Rb5+ Ke6 63. Kb6 Qd6+ 1/2-1/2

[Event "Challenge"]
[Site "http://www.queenalice.com/game.php?id=191518"]
[Date "2007.4.4"]
[Round "-"]
[White "muriloberiam"]
[Black "ketchuplover"]
[Result "0-1"]
[WhiteElo "1606"]
[BlackElo "1710"]

1. e4 c5 2. d4 cxd4 3. Qxd4 Nc6 4. Qd1 e5 5. Bb5 Nf6 6. Bxc6 bxc6 7. Nc3 Ba6 8.
Nf3 d6 9. Bg5 Be7 10. h4 O-O 11. Bxf6 Bxf6 12. h5 Rb8 13. b3 h6 14. g4 Qa5 15.
Qd2 Bg5 16. Qxd6 Qxc3+ 17. Qd2 Qxf3 18. Qc3 Qe2# 0-1

[Event "Challenge"]
[Site "http://www.queenalice.com/game.php?id=192221"]
[Date "2007.4.5"]
[Round "-"]
[White "chronorook"]
[Black "muriloberiam"]
[Result "1-0"]
[WhiteElo "1714"]
[BlackElo "1664"]

1. e4 e5 2. Nf3 d6 3. Bc4 Nf6 4. Nc3 b6 5. Ng5 Be6 6. Nxe6 fxe6 7. Bxe6 c5 8.
O-O Qe7 9. Bd5 Nxd5 10. Nxd5 Qh4 11. Nc7+ Kf7 12. Nxa8 Be7 13. c3 Bg5 14. d4 Bf4
15. Bxf4 exf4 16. dxc5 dxc5 17. Qd5+ Kf6 18. Qf5+ Ke7 19. Rad1 Rd8 20. Rxd8 Kxd8
21. Rd1+ Ke8 22. Nc7+ Ke7 23. Qe5+ Kf7 24. Qe6+ Kf8 25. Qe8# 1-0

[Event "Precatinhas do Sertão"]
[Site "http://www.queenalice.com/game.php?id=221349"]
[Date "2007.6.6"]
[Round "-"]
[White "clodoaldopaiva"]
[Black "muriloberiam"]
[Result "1-0"]
[WhiteElo "1278"]
[BlackElo "1573"]

1. e4 e5 2. Bc4 Nf6 3. d3 Nc6 4. Nf3 a5 5. Ng5 d5 6. exd5 Nd4 7. d6 Be6 8. c3
Bxc4 9. dxc4 Nc6 10. c5 cxd6 11. Qd3 g6 12. Na3 dxc5 13. Qb5 Qd5 14. Qxb7 Rd8
15. O-O Qd1 16. Qxc6+ Qd7 17. Qxf6 Rg8 18. Nxh7 Qd3 19. Qxe5+ Be7 20. Re1 Qd6
21. Qe4 Rh8 22. Bf4 Qd7 23. Nf6+ Kf8 24. Nxd7+ Rxd7 25. Qa8+ Bd8 26. Nb5 Kg7 27.
Be5+ Bf6 28. Bxf6+ Kxf6 29. Qxh8+ Kg5 30. h4+ Kg4 31. f3+ Kg3 32. Re4 f5 33.
Qe5+ f4 34. Qxf4# 1-0

[Event "Invitation"]
[Site "http://www.queenalice.com/game.php?id=1073509"]
[Date "2012.6.18"]
[Round "-"]
[White "clodoaldopaiva2012"]
[Black "muriloberiam"]
[Result "1-0"]
[WhiteElo "1320"]
[BlackElo "1426"]

1. g3 d5 2. Bg2 e6 3. d4 Nc6 4. e3 Bb4+ 5. Bd2 a5 6. a3 Bxd2+ 7. Nxd2 e5 8. Nh3
Bxh3 9. Bxh3 Qe7 10. b4 exd4 11. O-O dxe3 12. fxe3 Qxe3+ 13. Kh1 Qh6 14. Qg4 Nf6
15. Rfe1+ Kf8 16. Nb3 Nxg4 17. Bxg4 Qg6 18. Bf3 Qf5 19. Bg2 h5 20. Nc5 Nd4 21.
Rf1 Qxc2 22. Rae1 axb4 23. Bxd5 f5 24. Nd7# 1-0

[Event "Challenge"]
[Site "http://www.queenalice.com/game.php?id=1083471"]
[Date "2012.7.17"]
[Round "-"]
[White "clodoaldopaiva2012"]
[Black "muriloberiam"]
[Result "1-0"]
[WhiteElo "1424"]
[BlackElo "1400"]

1. g3 Nf6 2. Bg2 e5 3. c3 d6 4. e4 Bg4 5. Qb3 b6 6. a4 c6 7. c4 g6 8. d3 h5 9.
Bg5 Be7 10. Nh3 Bxh3 11. Bxh3 O-O 12. a5 Na6 13. Bh6 Re8 14. Qc3 Kh7 15. Qd2 Ng8
16. Be3 g5 17. Bf5+ Kg7 18. d4 Nh6 19. dxe5 dxe5 20. axb6 Qxd2+ 21. Nxd2 Bb4 22.
Bd7 Red8 23. Bxc6 Bxd2+ 24. Bxd2 axb6 25. Bxg5 Rg8 26. f4 Rac8 27. Bb7 Rxc4 28.
Rxa6 Rc1+ 29. Kf2 Rxh1 30. Rxb6 Rxh2+ 31. Kf3 Ng4 32. fxe5 Nxe5+ 33. Kf4 Nd3+
34. Kf5 Rf2+ 35. Bf4 Kf8 36. Ba6 Rxg3 37. Rb8+ Kg7 38. Bxd3 Rxd3 39. b4 Rdf3 40.
Ke5 1-0